| 000 -CABECERA |
| campo de control de longitud fija |
00938nam a2200277 u 4500 |
| 001 - NÚMERO DE CONTROL |
| campo de control |
000039074 |
| 005 - FECHA Y HORA DE LA ÚLTIMA TRANSACCIÓN |
| campo de control |
20200120222331.0 |
| 008 - DATOS DE LONGITUD FIJA--INFORMACIÓN GENERAL |
| campo de control de longitud fija |
100608s2007 cau r 000 0 spa d |
| 020 ## - NÚMERO INTERNACIONAL ESTÁNDAR DEL LIBRO |
| Número Internacional Estándar del Libro |
9789580499947 |
| 043 ## - CÓDIGO DE ÁREA GEOGRÁFICA |
| Código de área geográfica |
s--ck--- |
| 090 ## - LOCALMENTE ASIGNADO TIPO-LC NÚMERO DE CLASIFICACIÓN (OCLC); NÚMERO DE CLASIFICACIÓN LOCAL (RLIN) |
| Número de clasificación (OCLC) (R) ; Numero de clasificación, CALL (RLIN) (NR) |
A |
| Número cutter local (OCLC) ; Número de libro/Signatura topográfica íntegra, CALL (RLIN) |
GORVp |
| 100 1# - ENTRADA PRINCIPAL--NOMBRE DE PERSONA |
| Nombre de persona |
Gorbachev, Valeri |
| 245 10 - MENCIÓN DE TÍTULO |
| Título |
Para eso son los amigos / |
| Mención de responsabilidad, etc. |
Valeri Gorbachev; traducción: Carolina Venegas. |
| 250 ## - MENCIÓN DE EDICIÓN |
| Mención de edición |
1a. ed. |
| 260 ## - PUBLICACIÓN, DISTRIBUCIÓN, ETC. |
| Lugar de publicación, distribución, etc. |
Bogotá : |
| Nombre del editor, distribuidor, etc. |
Norma, |
| Fecha de publicación, distribución, etc. |
2007. |
| 300 ## - DESCRIPCIÓN FÍSICA |
| Extensión |
32 p. : |
| Otras características físicas |
il., col. |
| 490 #0 - MENCIÓN DE SERIE |
| Mención de serie |
Buenas noches |
| 500 ## - NOTA GENERAL |
| Nota general |
Ej. 2, 3, 4 Biblioteca Ceic Ciudadela : Plan Lector 2011. Ej. 2 Biblioteca Ceic Norte: Plan Lector 2011. Ej. 2 y 3 Biblioteca Ceic Chicalá : Plan Lector 2011. |
| 506 0# - NOTA DE RESTRICCIONES AL ACCESO |
| Limitaciones de acceso |
General |
| 534 ## - NOTA SOBRE LA VERSIÓN ORIGINAL |
| Mención de título del original |
That´s what friends are for |
| 650 17 - PUNTO DE ACCESO ADICIONAL DE MATERIA--TÉRMINO DE MATERIA |
| Término de materia o nombre geográfico como elemento de entrada |
Literatura ucraniana |
| 650 27 - PUNTO DE ACCESO ADICIONAL DE MATERIA--TÉRMINO DE MATERIA |
| Término de materia o nombre geográfico como elemento de entrada |
Literatura infantil |
| 650 27 - PUNTO DE ACCESO ADICIONAL DE MATERIA--TÉRMINO DE MATERIA |
| Término de materia o nombre geográfico como elemento de entrada |
Libros ilustrados para niños |
| 650 27 - PUNTO DE ACCESO ADICIONAL DE MATERIA--TÉRMINO DE MATERIA |
| Término de materia o nombre geográfico como elemento de entrada |
Animales en la literatura |
| 700 1# - PUNTO DE ACCESO ADICIONAL--NOMBRE DE PERSONA |
| Nombre de persona |
Venegas, Carolina |
| Término indicativo de función/relación |
tr. |